Profilage série TV - Statistiques

Statistiques générales
  • Ce quiz a été pris 25 fois
  • Le résultat moyen est 11 sur 15
Statistiques - réponses
Question Réponse % Correct
Quel est la couleur du sac de Chloé jaune
100%
comment s'appelle le fils de Camille Ulysse
90%
Jessica est la soeur de : Fred
86%
Qui est la prétendue soeur de Chloé Louise
81%
comment Chloé rencontre Adèle Delettre Au détour d'un enquete avec trois stagiaires
76%
Quand Chloé est enlevé par Alban skella qu'elle nom il lui donne Alice
71%
Que fait Chloé qui nuit à sa relation amical avec Rocher elle le poignarde
71%
quel est le premier commandant de la DPJ Mathieu
71%
La premiere enquete d'Adele en tant que criminologue concerne une petite fille kidnappée
71%
Où se déroule la vision de Chloé où elle voit sa mère un gala chez le préfet
71%
Combien de temps se passe entre la saison 8 et 9 5 ans
67%
dans quel saison Thomas apparait saison 3
67%
Comment s'appelle l'endroit ou la petite amie de Lucas se rend et qui empoisonne les enfants La vollière
62%
qu'elles était les choses qu'argos imposé aux jumelles Le latin, le grec et la danse classique
62%
Quelle est la saison ou il y a le premier bisou Adèle/Thomas 5
24%
Aucun quiz correspondant
Distribution des résultats
% des personnes avec chaque résultat
Percentile par nombre de réponses
Votre historique - résultats
Vous n’avez pas pris ce quiz